Szczegóły MARC21

Mapa ryzyka inwestycyjnego : wyniki pierwszego etapu badań /

005 -DATA I CZAS OSTATNIEJ MODYFIKACJI [,]
    • @
    • pole kontrolne
    • 20070315155141.9
040 -Instytucja sporządzająca opis [ , ]
    • a
    • Instytucja, która sporządziła opis (NP)
    • SZCZ U
    • c
    • Instytucja, która sporządziła rekord (NP)
    • SZCZ U
041 -Język dokumentu [0, ]
    • a
    • Język tekstu (P)
    • polski
    • h
    • Język tekstu oryginalnego i/lub pośredniego (P)
    • polski
942 -Rodzaj dokumentu [ , ]
    • c
    • Rodzaj dokumentu
    • Książka
245 -Strefa tytułu i oznaczenia odpowiedzialności [0, ]
    • a
    • Tytuł
    • Mapa ryzyka inwestycyjnego : Find
    • b
    • Ciąg dalszy tytułu (NP)
    • wyniki pierwszego etapu badań / Find
    • c
    • Pozostałe elementy strefy tytułu i oznaczenia odpowiedzialności (NP)
    • [wstęp Janusz M.Dąbrowski].
260 -Strefa adresu wydawniczego [ , ]
    • a
    • Miejsce wydania (P)
    • Warszawa ; Gdańsk :
    • b
    • Nazwa wydawcy (P)
    • IBnGR,
    • c
    • Data wydania (P)
    • [1993].
300 -Strefa opisu fizycznego [ , ]
    • a
    • Określenie formy książki i/lub objętość (NP)
    • 90 s. :
    • b
    • Oznaczenie ilustracji (NP)
    • wykr. :
    • c
    • Format (NP)
    • 29 cm.
490 -Strefa serii i książki wielotomowej - forma nie do wyszukiwania [0, ]
    • a
    • Tytuł (P)
    • (Transformacja Gospodarki / Instytut Badań nad Gospodarką Rynkową ; Find
    • x
    • ISSN (NP)
    • 0867-4167)
    • v
    • Numeracja (P)
    • nr 39,
500 -Uwaga ogólna [ , ]
    • a
    • Uwaga ogólna (NP)
    • Bibliogr
080 -Uniwersalna Klasyfikacja Dziesiętna [ , ]
    • a
    • Symbol klasyfikacji
    • 338.22(4-191.2)"1989/..."
080 -Uniwersalna Klasyfikacja Dziesiętna [ , ]
    • a
    • Symbol klasyfikacji
    • :330.322"1989/..."
980 -Symbol UKD [ , ]
    • a
    • UKD
    • 338.22(4-191.2):330.322]"1989/..."
700 -Hasło dodatkowe - nazwa osobowa [ , ]
    • a
    • Nazwa osobowa (NP)
    • Dąbrowski Janusz M. Find
Data inwentaryzacji Lokalizacja Numer inwentarzowy Status udost.
1999-10-07TT.1094-3